U.S. General Knowledge #68 - Statistics

General Stats
  • This quiz has been taken 14,342 times
  • The average score is 11 of 20
Answer Stats
Question Answer % Correct
Which Ivy League university starts with Y? Yale
99%
Who gave the Gettysburg Address? Abraham Lincoln
89%
What does a bellhop carry? Luggage
73%
What everyday object depicts a pyramid with an eye on it and the Latin words "annuit coeptis"? Dollar bill
72%
What was Eleanor Roosevelt's maiden name? (Hint: the answer might surprise you) Roosevelt
67%
What city's Superdome became an ad-hoc hurricane shelter in 2005? New Orleans
64%
Where is John F. Kennedy buried? {Arlington} National Cemetery
63%
What non-alcoholic drink is named for a former child star? Shirley Temple
62%
What American city once had a population over 1.8 million, but today numbers only around 630,000? Detroit
60%
What bills itself as "the happiest place on Earth"? Disneyland
59%
Before 2024, what was the last Presidential election year without a Bush, Clinton, or Biden running for President or VP? 1976
57%
What German word do people sometimes say when someone sneezes? Gesundheit
53%
Who holds the career and single-season NBA records for most 3 pointers made? Stephen Curry
51%
What chain restaurant is known for almost never closing – even during natural disasters? Waffle House
48%
Who was known as the "King of the Wild Frontier"? Davy Crockett
45%
Who wrote the song "Malibu" about her relationship with actor Liam Hemsworth? Miley Cyrus
45%
Who is the richest citizen of New York City and also its former mayor? Michael Bloomberg
44%
What's the longest river in Alaska? Yukon River
39%
What bird is found only in southern California, the Grand Canyon, and a few other small areas? California Condor
38%
What does the CB in CB radio stand for? Citizens band
14%
No matching quizzes found
Score Distribution
Percent of People with Each Score
Percentile by Number Answered
Your Score History
You have not taken this quiz